Strength of Materials (Record no. 6164)

000 -LEADER
fixed length control field 00468nam a22001937a 4500
001 - CONTROL NUMBER
control field 6164
003 - CONTROL NUMBER IDENTIFIER
control field BD-DhUET
008 - FIXED-LENGTH DATA ELEMENTS--GENERAL INFORMATION
fixed length control field 141130b xxu||||| |||| 00| 0 eng d
040 ## - CATALOGING SOURCE
Original cataloging agency DLC
Transcribing agency DLC
Modifying agency BD-DhUET
082 ## - DEWEY DECIMAL CLASSIFICATION NUMBER
Classification number 620.11
Item number KHU/1984
100 ## - MAIN ENTRY--PERSONAL NAME
Personal name Khurmi, R. S.
245 ## - TITLE STATEMENT
Title Strength of Materials
250 ## - EDITION STATEMENT
Edition statement 14th ed.
260 ## - PUBLICATION, DISTRIBUTION, ETC. (IMPRINT)
Place of publication, distribution, etc. New Delhi
Name of publisher, distributor, etc. S. Chand
Date of publication, distribution, etc. 1984
300 ## - PHYSICAL DESCRIPTION
Extent vi, 991 p.
Other physical details ill.
650 #0 - SUBJECT ADDED ENTRY--TOPICAL TERM
Topical term or geographic name as entry element Strength of materials
700 ## - ADDED ENTRY--PERSONAL NAME
Personal name Lal, Jagdish
942 ## - ADDED ENTRY ELEMENTS (KOHA)
Koha item type General Book
Holdings
Date acquired Koha normalized classification for sorting Koha date last seen Copy number Piece designation (barcode) Shelving location Sublocation or collection (holding branch) Lost status Source of classification or shelving scheme Damaged status Price effective from Koha full call number Koha item type Not for loan Location (home branch) Withdrawn status
2014-11-30620_110000000000000_KHU_19842014-11-30158300Circulation sectionCentral Library, BUET   2014-11-30620.11/KHU/1984General Book Central Library, BUET 
2014-12-04620_110000000000000_KHU_19842014-12-04258299Circulation sectionCentral Library, BUET   2014-12-04620.11/KHU/1984General Book Central Library, BUET 
2014-12-04620_110000000000000_KHU_19842017-01-25358304Circulation sectionCentral Library, BUET   2014-12-04620.11/KHU/1984General Book Central Library, BUET 
2014-12-06620_110000000000000_KHU_19842014-12-06458293Circulation sectionCentral Library, BUET   2014-12-06620.11/KHU/1984General Book Central Library, BUET 
2014-12-06620_110000000000000_KHU_19842014-12-06539805Circulation sectionCentral Library, BUET   2014-12-06620.11/KHU/1984General Book Central Library, BUET 
2015-04-30620_110000000000000_KHU_19842015-04-30658305Circulation sectionCentral Library, BUET   2015-04-30620.11/KHU/1984General Book Central Library, BUET 
2015-04-30620_110000000000000_KHU_19842015-04-30758303Circulation sectionCentral Library, BUET   2015-04-30620.11/KHU/1984General Book Central Library, BUET 
2015-06-20620_110000000000000_KHU_19842015-06-20858306Reading sectionCentral Library, BUET   2015-06-20620.11/KHU/1984Reading Item Central Library, BUET 
2015-06-28620_110000000000000_KHU_19842015-06-281158297Reading sectionCentral Library, BUET   2015-06-28620.11/KHU/1984Reading Item Central Library, BUET 
2015-06-28620_110000000000000_KHU_19842015-06-281058298Reading sectionCentral Library, BUET   2015-06-28620.11/KHU/1984Reading Item Central Library, BUET 
2015-06-28620_110000000000000_KHU_19842015-06-281158301Reading sectionCentral Library, BUET   2015-06-28620.11/KHU/1984Reading Item Central Library, BUET 
2015-06-30620_110000000000000_KHU_19842015-06-301258296Reading sectionCentral Library, BUET   2015-06-30620.11/KHU/1984Reading Item Central Library, BUET 
2015-06-30620_110000000000000_KHU_19842015-06-301358295Reading sectionCentral Library, BUET   2015-06-30620.11/KHU/1984Reading Item Central Library, BUET 
2015-07-02620_110000000000000_KHU_19842015-07-021458302Reading sectionCentral Library, BUET   2015-07-02620.11/KHU/1984Reading Item Central Library, BUET